| 000 | 00440nam a22001817a 4500 | ||
|---|---|---|---|
| 003 | NUST | ||
| 005 | 20220731160420.0 | ||
| 008 | 220731b ||||| |||| 00| 0 eng d | ||
| 020 | _a9780812977530 | ||
| 038 | _aAzhar | ||
| 082 |
_a979.4 _bSTA |
||
| 100 |
_aKevin Starr _995950 |
||
| 245 |
_aCalifornia a history _cKevin Starr |
||
| 260 |
_aNew York _bRandom House Publishing _c2005 |
||
| 300 | _a370p | ||
| 563 | _aPB | ||
| 942 |
_2ddc _cLC |
||
| 999 |
_c590713 _d590713 |
||